| 000 | 00625nam a2200205 u 4500 | ||
|---|---|---|---|
| 003 | MX-MxUPN | ||
| 005 | 20231129063544.0 | ||
| 008 | 091022s2005 ag r 000 0 spa d | ||
| 020 | _a9871220189 | ||
| 035 | _aUPN01000173396 | ||
| 040 |
_aMX-MxUPN _bspa _cMX-MxUPN |
||
| 050 | 4 |
_aN8217 I5 _bP4.8 |
|
| 100 | 1 | _aPenhos, Marta | |
| 245 | 1 | 0 |
_aVer, conocer, dominar : _bimágenes de Sudamérica a fines del siglo XVIII / _cMarta Penhos. |
| 260 |
_aBuenos Aires : _bSiglo XXI, _c2005. |
||
| 300 |
_a382 p. : _bil. |
||
| 440 | 0 | _aArte y pensamiento | |
| 651 | 4 |
_aAmérica del Sur _xHistoria _ySiglo XVIII _92701 |
|
| 905 | _aLibro | ||
| 999 |
_c145500 _d145500 |
||